| 000 | 00672nam a2200241 a 4500 | ||
|---|---|---|---|
| 001 | 67451 | ||
| 003 | BD-RjUL | ||
| 005 | 20211209081646.0 | ||
| 008 | 130325s1945 nyua 001 0 eng | ||
| 035 | _a(BD-RjUL)67582 | ||
| 040 |
_aDLC _cODaWU _dOCoLC _dBD-RjUL _beng |
||
| 041 | _aeng | ||
| 082 |
_a537.12 _223 _bRAI 1945 |
||
| 100 | 1 |
_aRamo, Simon. _942504 |
|
| 245 | 1 | 0 |
_aIntroduction to microwaves / _cSimon Ramo. |
| 250 | _a1st ed. | ||
| 260 |
_aNew York, _aLondon : _bMcGraw-Hill Book Company, inc., _cc1945. |
||
| 300 |
_ax, 138 p. : _bill. ; _c22 cm. |
||
| 500 | _aIncludes Index. | ||
| 650 | 0 |
_aElectric waves. _928170 |
|
| 942 |
_2ddc _cBK |
||
| 999 |
_c67451 _d67451 |
||